[Event "POLFINALY MISTRZOSTW POLSKI JUNIOROW 2021 C-13"]
[Site "Jatrzebia Gora"]
[Date "1899-12-30"]
[Round "5.20"]
[White "Weber, Dorian"]
[Black "Sambor, Piotr"]
[Result "1/2-1/2"]
[WhiteTitle "III"]
[BlackTitle "II"]
[WhiteElo "1002"]
[BlackElo "1107"]

1. e4 c5 2. Nf3 e6 3. d4 d5 4. Nc3 Nf6 5. Bg5 dxe4 6. Nxe4 Qa5+ 7. Nc3 cxd4 8.
Bb5+ Bd7 9. Bxd7+ Nbxd7 10. Qxd4 Bc5 11. Qd2 h6 12. Bf4 Bb4 13. O-O Ne4 14. Qd3
Nxc3 15. bxc3 Bxc3 16. Rad1 Rd8 17. Qc4 Qc5 18. Qxc5 Nxc5 19. Rxd8+ Kxd8 20. Rd1+
Kc8 21. Ne5 Bxe5 22. Bxe5 f6 23. Bc3 Rd8 24. Rxd8+ Kxd8 25. Bb4 b6 26. f3 Kd7
27. Kf2 a5 28. Ba3 h5 29. Ke3 e5 30. g3 g5 31. f4 Ke6 32. Bxc5 bxc5 33. fxg5 fxg5
34. Ke4 c4 35. h3 1/2-1/2

[Event "POLFINALY MISTRZOSTW POLSKI JUNIOROW 2021 C-13"]
[Site "Jatrzebia Gora"]
[Date "1899-12-30"]
[Round "5.22"]
[White "Mejer, Blazej"]
[Black "Filipczyk, Michal"]
[Result "0-1"]
[WhiteTitle "III"]
[BlackTitle "II"]
[WhiteElo "1024"]
[BlackElo "1136"]

1. c4 e5 2. Nc3 Nf6 3. g3 d5 4. cxd5 Nxd5 5. Bg2 Nb6 6. Nf3 Nc6 7. O-O Be7 8. d3
O-O 9. Be3 Be6 10. a3 f5 11. Rb1 Bf6 12. Qc2 Nd4 13. Bxd4 exd4 14. Na4 Nxa4 15.
Qxa4 c6 16. Qc2 Re8 17. Rbe1 Bd5 18. Qd2 Qd7 19. Qf4 Re7 20. Nh4 Bxg2 21. Nxg2
Rae8 22. Qd2 Qd8 23. f3 Qb6 24. Rf2 c5 25. Rc1 a5 26. Rc2 a4 27. Kf1 Qc6 28. Qc1
b6 29. Qd2 Qd5 30. Qd1 Re6 31. Ke1 Bg5 32. Kf1 Be3 33. Nxe3 Rxe3 34. Rd2 Qc6 35.
Rc2 R8e6 36. Ke1 Rxf3 37. Rxf3 Qxf3 38. Kd2 Qe3+ 39. Ke1 Qg1+ 40. Kd2 Qxd1+ 41.
Kxd1 Rh6 42. Rc4 Rxh2 43. Rxa4 Rh6 44. Ra8+ Kf7 45. Ra7+ Kf6 46. Rb7 Ke5 47. Rxg7
Rh3 48. Rg5 Kf6 49. Rg8 h6 50. Rb8 Rxg3 51. Rxb6+ Kg5 52. a4 h5 53. a5 h4 54.
a6 Rg1+ 55. Kc2 Ra1 56. b3 h3 57. Kb2 Ra5 58. b4 cxb4 59. Kb3 h2 60. Kxb4 Ra1
61. Kb5 h1=Q 62. Rb7 Qd5+ 63. Kb6 Rb1+ 64. Ka7 0-1

[Event "POLFINALY MISTRZOSTW POLSKI JUNIOROW 2021 C-13"]
[Site "Jatrzebia Gora"]
[Date "1899-12-30"]
[Round "6.1"]
[White "Warchol, Kamil"]
[Black "Sawicki, Dorian"]
[Result "1-0"]
[WhiteTitle "CM"]
[BlackTitle "I"]
[WhiteElo "1976"]
[BlackElo "1550"]

1. e4 c5 2. b3 e6 3. Nf3 Nf6 4. e5 Nd5 5. c4 Nc7 6. Bb2 Nc6 7. Nc3 d5 8. exd6 Qxd6
9. Ne4 Qd8 10. Ne5 Nxe5 11. Bxe5 b6 12. Qg4 Rg8 13. O-O-O Bb7 14. d4 Qc8 15. dxc5
bxc5 16. Bd6 Be7 17. Bxe7 Kxe7 18. Qg5+ 1-0

[Event "POLFINALY MISTRZOSTW POLSKI JUNIOROW 2021 C-13"]
[Site "Jatrzebia Gora"]
[Date "1899-12-30"]
[Round "6.2"]
[White "Kowalski, Witold"]
[Black "Dobosiewicz, Dawid"]
[Result "1/2-1/2"]
[WhiteTitle "II+"]
[BlackTitle "I"]
[WhiteElo "1480"]
[BlackElo "1678"]

1. e4 c5 2. Nf3 e6 3. d4 cxd4 4. Nxd4 Nc6 5. Nc3 Qc7 6. a3 a6 7. Nb3 b5 8. Bd3
Bb7 9. O-O Nf6 10. f4 h5 11. Qf3 Be7 12. Bd2 Ng4 13. Rae1 Qb6+ 14. Kh1 Bf6 15.
Qg3 Qd8 16. Rd1 Nd4 17. Nxd4 Bxd4 18. e5 Qb6 19. Ne4 Bxe4 20. Bxe4 Rc8 21. Bb4
Bc5 22. Qd3 O-O 23. Bxc5 Qxc5 24. Rd2 Qc4 25. Qxc4 Rxc4 26. Re1 g6 27. h3 Nh6
28. g3 Nf5 29. Bxf5 gxf5 30. c3 a5 1/2-1/2

[Event "POLFINALY MISTRZOSTW POLSKI JUNIOROW 2021 C-13"]
[Site "Jatrzebia Gora"]
[Date "1899-12-30"]
[Round "6.3"]
[White "Nocek, Dominik"]
[Black "Bartnik, Michal"]
[Result "0-1"]
[WhiteTitle "II"]
[BlackTitle "II+"]
[WhiteElo "1428"]
[BlackElo "1595"]

1. e4 e5 2. Nf3 Nc6 3. Bb5 a6 4. Ba4 Nf6 5. O-O Be7 6. Re1 d6 7. c3 Bg4 8. h3 Bh5
9. d3 O-O 10. Nbd2 b5 11. Bc2 Re8 12. Nf1 Bf8 13. Ng3 Bxf3 14. Qxf3 g6 15. Be3
Bg7 16. d4 Rb8 17. b3 h6 18. Qe2 exd4 19. cxd4 Nb4 20. Bb1 c5 21. a3 cxd4 22.
Bxd4 Nc6 23. Bb2 Qb6 24. Qd2 Rbd8 25. Bc2 d5 26. Qf4 Nh5 27. Nxh5 Bxb2 28. Nf6+
Bxf6 29. Qxf6 Re6 30. Qf4 Nd4 31. Bd1 Rf6 32. Qg3 dxe4 33. Rxe4 Nf5 34. Qc3 Rc6
35. Qb2 Rcd6 36. Bc2 Rd2 37. Rf4 Qc7 0-1

[Event "POLFINALY MISTRZOSTW POLSKI JUNIOROW 2021 C-13"]
[Site "Jatrzebia Gora"]
[Date "1899-12-30"]
[Round "6.4"]
[White "Leszczewicz, Karol"]
[Black "Nagly, Wojciech"]
[Result "0-1"]
[WhiteTitle "II+"]
[BlackTitle "II"]
[WhiteElo "1393"]
[BlackElo "1432"]

1. Nf3 c5 2. e4 Nc6 3. b3 e6 4. Bb2 d5 5. exd5 exd5 6. Bb5 Nf6 7. O-O Be7 8. Re1
O-O 9. h3 Bd7 10. Nc3 d4 11. Ne2 Nb4 12. Bxd7 Qxd7 13. d3 b5 14. Qd2 Rfd8 15.
Ng3 Nc6 16. Re2 Rab8 17. Rae1 Bf8 18. Ne4 Nxe4 19. Rxe4 h6 20. Qe2 Nb4 21. Ne5
Qc7 22. Bc1 Nxa2 23. Qg4 Rb6 24. Bd2 Nc3 25. Bxc3 dxc3 26. Rf4 Re8 27. Rfe4 Rbe6
28. Nf3 Rxe4 29. Rxe4 Rxe4 30. Qxe4 Qe7 31. Ne5 Qe6 32. Nc6 Qxe4 33. dxe4 a6 34.
Kf1 Bd6 35. Ke2 Kf8 36. Kd3 Ke8 37. Kxc3 Kd7 38. Na5 Kc7 39. b4 cxb4+ 40. Kd4
Kb6 41. Nb3 a5 42. e5 Be7 43. f4 a4 44. Nc1 Bc5+ 45. Ke4 g6 46. g4 Be7 47. Kd5
Bh4 48. f5 gxf5 49. gxf5 Bg5 50. e6 fxe6+ 51. fxe6 Be7 52. Na2 b3 53. cxb3 axb3
54. Nc3 Ka5 55. Kc6 b2 56. Kd7 Bf6 57. Nb1 Kb4 58. e7 Bxe7 59. Kxe7 Kb3 60. Kf6
b4 61. Kg6 Kc2 62. Kxh6 Kxb1 63. Kg7 Kc2 64. h4 b1=Q 65. h5 Qg1+ 66. Kh7 Qg5 67.
h6 b3 68. Kh8 Qxh6+ 69. Kg8 Qf6 70. Kh7 b2 0-1

[Event "POLFINALY MISTRZOSTW POLSKI JUNIOROW 2021 C-13"]
[Site "Jatrzebia Gora"]
[Date "1899-12-30"]
[Round "6.5"]
[White "Przedlacki, Wiktor"]
[Black "Jasiulewicz, Dawid"]
[Result "0-1"]
[WhiteTitle "III"]
[BlackTitle "I"]
[WhiteElo "1176"]
[BlackElo "1654"]

1. e4 c5 2. Nf3 d6 3. d4 cxd4 4. Nxd4 Nf6 5. Nc3 a6 6. Bg5 e6 7. f4 b5 8. a3 Nbd7
9. Bd3 Qb6 10. Nb3 Be7 11. Qd2 Bb7 12. O-O-O Rc8 13. Kb1 O-O 14. h4 Nc5 15. e5
dxe5 16. fxe5 Nfe4 17. Nxe4 Nxe4 18. Qf4 f6 19. Bxe4 Bxe4 20. Qxe4 fxg5 21. hxg5
g6 22. Qg4 Rf5 23. Qh3 Rf7 24. Nd4 Rc5 25. Qxe6 Qxe6 26. Nxe6 Rxe5 27. Nc7 Rxg5
28. Rd2 a5 29. c3 Re5 30. Nd5 Bg5 31. Rhd1 Bxd2 32. Rxd2 Kg7 33. Kc2 Rd7 34. c4
bxc4 35. Nb6 Rxd2+ 36. Kxd2 Rg5 37. Nxc4 Rxg2+ 38. Kc3 h5 39. b4 axb4+ 40. axb4
Rg3+ 41. Kc2 h4 42. b5 Rg5 43. Kd1 0-1

[Event "POLFINALY MISTRZOSTW POLSKI JUNIOROW 2021 C-13"]
[Site "Jatrzebia Gora"]
[Date "1899-12-30"]
[Round "6.6"]
[White "Gawlik, Olivier"]
[Black "Spionkowski, Fabian"]
[Result "1-0"]
[WhiteTitle "II"]
[BlackTitle "I+"]
[WhiteElo "1183"]
[BlackElo "1687"]

1. e4 c5 2. Nf3 Nc6 3. d4 cxd4 4. Nxd4 g6 5. c4 Bg7 6. Be3 Nf6 7. Nc3 O-O 8. Be2
d6 9. f3 Bd7 10. Qd2 Nxd4 11. Bxd4 a5 12. O-O Nh5 13. Be3 Nf6 14. Nd5 Nxd5 15.
cxd5 h5 16. Bd4 f6 17. f4 Bh6 18. Be3 Kh7 19. h3 h4 20. Qe1 g5 21. f5 Rc8 22.
Qd2 b6 23. Rac1 Rxc1 24. Rxc1 Qb8 25. Bh5 Be8 26. Bxe8 Rxe8 27. Rc6 Rc8 28. Rxb6
Qa8 29. Rb3 Rc4 30. Qd3 Qc8 31. Rc3 Rxc3 32. Qxc3 Qb8 33. b3 Qb5 34. Qc4 Qb7 35.
Kf2 Kg8 36. a3 Kf7 37. b4 axb4 38. axb4 Ke8 39. Qc6+ Qxc6 40. dxc6 Kd8 41. Kf3
g4+ 42. hxg4 Bg5 43. Bxg5 fxg5 44. Ke3 Kc7 45. b5 1-0

[Event "POLFINALY MISTRZOSTW POLSKI JUNIOROW 2021 C-13"]
[Site "Jatrzebia Gora"]
[Date "1899-12-30"]
[Round "6.7"]
[White "Pachura, Mateusz"]
[Black "Uhryn, Mateusz"]
[Result "0-1"]
[WhiteTitle "III"]
[BlackTitle "I"]
[WhiteElo "1107"]
[BlackElo "1393"]

1. e4 c5 2. Nf3 Nc6 3. d4 cxd4 4. Nxd4 Nf6 5. Nc3 d6 6. f3 e5 7. Nb3 Be7 8. Be3
O-O 9. Qd2 Be6 10. O-O-O a5 11. Bb5 Nb4 12. Kb1 d5 13. exd5 Nbxd5 14. Nxd5 Nxd5
15. Bc4 Nxe3 16. Qxe3 Qc8 17. Bxe6 Qxe6 18. Rhe1 Bf6 19. Nc5 Qc6 20. Ne4 Rfd8
21. g4 Bh4 22. Rxd8+ Rxd8 23. Rf1 Be7 24. f4 Qc4 25. Re1 Bh4 26. Qb6 Rc8 27. Rc1
Qxe4 28. fxe5 Bg5 29. e6 fxe6 30. a4 Bxc1 31. Qb3 Bf4 32. Ka1 Qxc2 33. Qxe6+ Kh8
34. Qd7 Qc6 35. Qd4 Qc1+ 36. Ka2 Qc4+ 0-1

[Event "POLFINALY MISTRZOSTW POLSKI JUNIOROW 2021 C-13"]
[Site "Jatrzebia Gora"]
[Date "1899-12-30"]
[Round "6.8"]
[White "Wandor, Adam"]
[Black "Nowakowski, Maksymilian"]
[Result "1/2-1/2"]
[WhiteTitle "II"]
[BlackTitle "II"]
[WhiteElo "1373"]
[BlackElo "1368"]

1. e4 e6 2. d4 d5 3. Nd2 c5 4. exd5 Qxd5 5. Nb3 cxd4 6. Qxd4 Nf6 7. Qxd5 Nxd5 8.
Bd2 Be7 9. O-O-O Nd7 10. Ne2 N7f6 11. Nc3 O-O 12. Nxd5 Nxd5 13. g3 b6 14. Bg2
Bb7 15. Rhg1 Bf6 16. Kb1 Rac8 17. Rc1 Rc4 18. Bf1 Rcc8 19. Bg2 Bc6 20. c4 Ne7
21. Bxc6 Nxc6 22. f4 Rfd8 23. Bc3 Bxc3 24. Rxc3 Nd4 25. Rd1 Nxb3 26. Rxd8+ Rxd8
27. Rxb3 Rd1+ 28. Kc2 Rh1 29. h4 Rg1 30. Kd2 g6 31. Ke2 Rg2+ 32. Kf3 Rc2 33. Ra3
Rxb2 34. Rxa7 Rb4 35. Rc7 Rb2 1/2-1/2

[Event "POLFINALY MISTRZOSTW POLSKI JUNIOROW 2021 C-13"]
[Site "Jatrzebia Gora"]
[Date "1899-12-30"]
[Round "6.9"]
[White "Wilangowski, Olivier"]
[Black "Wasiluk, Mateusz"]
[Result "0-1"]
[WhiteTitle "II"]
[BlackTitle "II"]
[WhiteElo "1454"]
[BlackElo "1263"]

1. e4 c5 2. Nf3 e6 3. c3 d5 4. exd5 exd5 5. d4 Nc6 6. Bb5 Nf6 7. O-O Be7 8. Bf4
O-O 9. Re1 Bg4 10. Bxc6 bxc6 11. Qd3 Bxf3 12. Qxf3 Ne4 13. Qe3 cxd4 14. cxd4 c5
15. Be5 f6 16. f3 fxe5 17. fxe4 exd4 18. Qh3 Bh4 19. Re2 dxe4 20. Rxe4 Bg5 21.
Na3 Be3+ 22. Kh1 Qf6 23. Qe6+ Qxe6 24. Rxe6 Rf2 25. Nc4 Raf8 26. h3 Bf4 27. Rc6
Bg3 28. Rg1 Rf1 29. Rxc5 Rxg1+ 30. Kxg1 Re8 31. Nd2 Re2 32. Nf1 Bf2+ 33. Kh2 Rxb2
34. Rc8+ Kf7 35. Rc7+ Kf6 36. Rxa7 h5 37. Ra8 h4 38. a4 Ke5 39. Rg8 Rb1 40. Re8+
Kd6 41. g4 Rxf1 42. Kg2 Ra1 43. Kxf2 Rxa4 44. g5 Ra5 45. Rh8 Rxg5 46. Rxh4 Kd5
47. Ke2 Kc4 48. Rh8 Rg2+ 49. Ke1 Kd3 50. Ra8 Ke3 51. Re8+ Kd3 52. Ra8 Rg1+ 53.
Kf2 Rc1 54. Rg8 Rc7 55. Rd8 Rf7+ 56. Ke1 Rf3 57. Ra8 Ke4 58. Re8+ Kf4 59. Rg8
g5 60. Rd8 Kg3 61. Rxd4 Kxh3 62. Ke2 g4 63. Rd8 Kg2 64. Rg8 g3 65. Rg7 Rf8 66.
Rg6 Kh2 67. Rh6+ Kg2 68. Rg6 Kh2 69. Rh6+ Kg1 70. Rg6 g2 71. Rh6 Re8+ 72. Kd1
Re5 73. Rh8 Kf2 74. Rf8+ Kg3 75. Rg8+ Kf3 76. Kd2 Re4 77. Rg7 Rg4 78. Rf7+ Kg3
79. Re7 g1=Q 80. Re3+ Kh4 0-1

[Event "POLFINALY MISTRZOSTW POLSKI JUNIOROW 2021 C-13"]
[Site "Jatrzebia Gora"]
[Date "1899-12-30"]
[Round "6.10"]
[White "Wilgosz, Szczepan"]
[Black "Blaszkiewicz, Jakub"]
[Result "1-0"]
[WhiteTitle "II"]
[BlackTitle "II"]
[WhiteElo "1297"]
[BlackElo "1462"]

1. e4 e5 2. Nf3 Nc6 3. Bb5 a6 4. Ba4 Nf6 5. d4 exd4 6. O-O Be7 7. Re1 O-O 8. e5
Nd5 9. Bb3 Nb6 10. c3 dxc3 11. Nxc3 Na5 12. Bc2 d5 13. exd6 Bxd6 14. Ng5 h6 15.
Qh5 Qd7 16. Nh7 Re8 17. Bxh6 Rxe1+ 18. Rxe1 Nc6 19. Nf6+ gxf6 20. Bg7 Kxg7 21.
Qh7+ Kf8 22. Qh8# 1-0

[Event "POLFINALY MISTRZOSTW POLSKI JUNIOROW 2021 C-13"]
[Site "Jatrzebia Gora"]
[Date "1899-12-30"]
[Round "6.11"]
[White "Wieckowski, Igor"]
[Black "Jaszczuk, Piotr"]
[Result "1-0"]
[WhiteTitle "II"]
[BlackTitle "II"]
[WhiteElo "1140"]
[BlackElo "1344"]

1. c4 e5 2. Nc3 Nc6 3. g3 d6 4. Bg2 Be6 5. b3 Qd7 6. e3 Nge7 7. d4 d5 8. cxd5 Nxd5
9. Nxd5 Bxd5 10. e4 Bb4+ 11. Bd2 Bxd2+ 12. Qxd2 Bxe4 13. Bxe4 exd4 14. Ne2 O-O
15. Rc1 Rfe8 16. Bxc6 bxc6 17. O-O Rad8 18. Qd3 Re5 19. Rc4 c5 20. b4 cxb4 21.
Rxd4 Rd5 22. Rd1 Rxd4 23. Qxd4 Qxd4 24. Rxd4 Rxd4 25. Nxd4 c5 26. Nc6 a6 27. Kf1
Kf8 28. Ke2 Ke8 29. Kd3 Kd7 30. Nb8+ Kc7 31. Nxa6+ Kb6 32. Nb8 Kc7 33. Kc4 Kxb8
34. Kxc5 Kc7 35. Kxb4 Kb6 36. Kc4 Ka5 37. Kd5 Ka4 38. Kd6 Ka3 39. Ke7 1-0

[Event "POLFINALY MISTRZOSTW POLSKI JUNIOROW 2021 C-13"]
[Site "Jatrzebia Gora"]
[Date "1899-12-30"]
[Round "6.12"]
[White "Osinski, Maksymilian"]
[Black "Nowak, Maciej"]
[Result "1-0"]
[WhiteTitle "II"]
[BlackTitle "II"]
[WhiteElo "1238"]
[BlackElo "1338"]

1. e4 e6 2. d4 d5 3. Nd2 dxe4 4. Nxe4 Nd7 5. Nf3 Ngf6 6. Nxf6+ Nxf6 7. Bd3 Bd6
8. c3 h6 9. Qe2 O-O 10. Bd2 b6 11. O-O-O c5 12. dxc5 bxc5 13. h4 Rb8 14. Rdg1
Qb6 15. Be3 Bb7 16. b3 Qa5 17. Kb2 Ng4 18. c4 Rfd8 19. Bd2 Qa6 20. Bc3 e5 21.
Nd2 Nf6 22. f3 Nh5 23. g3 Re8 24. Ne4 Bxe4 25. fxe4 g6 26. Bd2 Bf8 27. Qf3 Qd6
28. Rf1 Rb7 29. Kc2 Rd7 30. Rd1 Qa6 31. Kb2 Bg7 32. Be3 Qb6 33. Qf2 Rc8 34. Be2
Nf6 35. Rxd7 Nxd7 36. Bg4 Qc6 37. Rf1 f6 38. Qd2 Rc7 39. Bxh6 Bxh6 40. Qxh6 Qxe4
41. Be6# 1-0

[Event "POLFINALY MISTRZOSTW POLSKI JUNIOROW 2021 C-13"]
[Site "Jatrzebia Gora"]
[Date "1899-12-30"]
[Round "6.13"]
[White "Nagly, Krzysztof"]
[Black "Trusewicz, Jakub"]
[Result "1-0"]
[WhiteTitle "II"]
[BlackTitle "II"]
[WhiteElo "1328"]
[BlackElo "1222"]

1. e4 e5 2. Nf3 Nc6 3. Bb5 a6 4. Ba4 Nf6 5. O-O b5 6. Bb3 Bc5 7. Nxe5 Nxe5 8. d4
Bxd4 9. Qxd4 d6 10. f4 Nc6 11. Qd2 O-O 12. Rd1 Qe7 13. Nc3 Nxe4 14. Nxe4 Qxe4
15. Bd5 Qe8 16. Qc3 Bb7 17. f5 b4 18. Qf3 Ne5 19. Bxf7+ Qxf7 20. Qxb7 Qxf5 21.
Bd2 Ng4 22. Qxb4 Qf2+ 23. Kh1 Qh4 24. Qb3+ Kh8 25. Qg3 Nf2+ 26. Kg1 Qxg3 27. hxg3
Nxd1 28. Rxd1 Rae8 29. Ba5 Rf7 30. c4 Re2 31. c5 h6 32. cxd6 cxd6 33. Bc3 Rff2
34. Rxd6 Rxg2+ 35. Kf1 Ref2+ 36. Ke1 Rf7 37. Rxh6+ Kg8 38. Rxa6 Rxg3 39. a4 g5
40. a5 Rg1+ 41. Ke2 Rg2+ 42. Ke3 Rf1 43. Ra8+ Rf8 44. Rxf8+ Kxf8 45. a6 Rg4 46.
b4 Rc4 47. Kd3 Rc8 48. b5 Ra8 49. Kc4 Ke8 50. Kb4 Kd7 51. Be5 g4 52. Kc5 Rc8+
53. Kb6 Re8 54. a7 Re6+ 55. Ka5 Re8 56. Ka6 Re6+ 57. b6 Rxe5 58. a8=Q 1-0

[Event "POLFINALY MISTRZOSTW POLSKI JUNIOROW 2021 C-13"]
[Site "Jatrzebia Gora"]
[Date "1899-12-30"]
[Round "6.14"]
[White "Renn, Grzegorz"]
[Black "Maciaga, Jan"]
[Result "0-1"]
[WhiteTitle "II"]
[BlackTitle "II"]
[WhiteElo "1125"]
[BlackElo "1375"]

1. e4 c5 2. Nf3 e6 3. d4 cxd4 4. Nxd4 a6 5. Nc3 Qc7 6. Be3 Nf6 7. a3 Nc6 8. Be2
Bd6 9. Nxc6 bxc6 10. Bf3 Rb8 11. Rb1 O-O 12. h3 Be5 13. O-O d5 14. exd5 cxd5 15.
Bd4 Bxd4 16. Qxd4 Bb7 17. Rfe1 Rfe8 18. Re5 Qd6 19. Rbe1 Nd7 20. R5e2 Nb6 21.
h4 Bc6 22. h5 f6 23. h6 e5 24. Qg4 g6 25. Rd1 Rbd8 26. Bxd5+ Nxd5 27. Nxd5 Bxd5
28. Red2 Qc6 29. c4 Be6 30. Qh4 Rxd2 31. Rxd2 Kf7 32. Rd3 a5 33. c5 Qxc5 34. Rc3
Qd6 35. Rf3 Qe7 36. Qe4 Qc7 37. Qa4 Qc1+ 38. Kh2 Qxh6+ 39. Kg1 Rc8 40. Rc3 Rxc3
41. bxc3 Qc1+ 42. Kh2 Qf4+ 0-1

[Event "POLFINALY MISTRZOSTW POLSKI JUNIOROW 2021 C-13"]
[Site "Jatrzebia Gora"]
[Date "1899-12-30"]
[Round "6.15"]
[White "Zmuda, Tomasz"]
[Black "Kozik, Maksymilian"]
[Result "1-0"]
[WhiteTitle "II"]
[BlackTitle "II"]
[WhiteElo "1343"]
[BlackElo "1201"]

1. e4 e5 2. Nf3 Nf6 3. d4 Nxe4 4. dxe5 Nc6 5. Bc4 Nc5 6. Nc3 Be7 7. Be3 O-O 8.
Qe2 d6 9. O-O-O Qe8 10. Nb5 Na6 11. exd6 cxd6 12. Nxd6 Bxd6 13. Rxd6 Nc7 14. Ng5
h6 15. h4 Qe7 16. Qh5 Ne5 17. Rg6 Bg4 18. Qxh6 Nxg6 19. Qh7# 1-0

[Event "POLFINALY MISTRZOSTW POLSKI JUNIOROW 2021 C-13"]
[Site "Jatrzebia Gora"]
[Date "1899-12-30"]
[Round "6.16"]
[White "Kempinski, Szymon"]
[Black "Krzastek, Adrian"]
[Result "1-0"]
[WhiteTitle "II"]
[BlackTitle "II"]
[WhiteElo "1103"]
[BlackElo "1220"]

1. e4 c5 2. Nf3 Nc6 3. d4 cxd4 4. Nxd4 g6 5. Nc3 Bg7 6. Be3 Nf6 7. f3 O-O 8. Qd2
d5 9. exd5 Nxd5 10. Nxd5 Qxd5 11. Nxc6 Qxc6 12. O-O-O Be6 13. Qa5 Rfc8 14. Bd3
a6 15. Be4 Qc7 16. Qxc7 Rxc7 17. Bf4 Rd7 18. Rxd7 Bxd7 19. Bxb7 Ra7 20. Be4 f5
21. Bb8 fxe4 22. Bxa7 exf3 23. gxf3 Bh3 24. Re1 Bf6 25. c4 Kf7 26. f4 Bf5 27.
Bb8 Ke8 28. c5 Kd7 29. Be5 Bh4 30. Re3 Bf2 31. Ra3 Bxc5 32. Rxa6 Bg1 33. h4 Bf2
34. Kd2 Bxh4 35. b4 Kc8 36. b5 g5 37. fxg5 Bxg5+ 38. Kc3 Kb7 39. a4 Bg4 40. a5
Bf3 41. Rb6+ Ka7 42. Bd4 Ka8 43. a6 h5 44. Rg6 Bf4 45. Rg8+ Bb8 46. a7 e5 47.
Rxb8# 1-0

[Event "POLFINALY MISTRZOSTW POLSKI JUNIOROW 2021 C-13"]
[Site "Jatrzebia Gora"]
[Date "1899-12-30"]
[Round "6.17"]
[White "Saletra, Wiktor"]
[Black "Owczarz, Michal"]
[Result "1-0"]
[WhiteTitle "II"]
[BlackTitle "II"]
[WhiteElo "1082"]
[BlackElo "1180"]

1. c4 e5 2. Nc3 Nf6 3. g3 d5 4. cxd5 Nxd5 5. Bg2 Nb6 6. Nf3 Nc6 7. d3 Be7 8. O-O
Be6 9. a3 O-O 10. b4 a6 11. Bb2 f6 12. Rb1 Qd7 13. Re1 Rfd8 14. Ne4 Ba2 15. Rc1
Qe6 16. Qd2 Na4 17. Ra1 Bb3 18. Reb1 Nxb2 19. Qxb2 Bd5 20. Nc3 Bxf3 21. Bxf3 b6
22. b5 axb5 23. Qxb5 Nd4 24. Bd5 Rxd5 25. Qxd5 Rxa3 26. Qxe6+ Nxe6 27. Rxa3 Bxa3
28. Nb5 Bc5 29. Ra1 Kf8 30. Ra7 c6 31. Nc7 Nd8 32. Kf1 b5 33. Ra8 Ke7 34. Rxd8
Kxd8 35. Ne6+ Kd7 36. Nxc5+ Kd6 37. Nb3 c5 38. Ke1 Kd5 39. Nd2 Kd4 40. Kd1 f5
41. Kc2 e4 42. e3+ Kd5 43. dxe4+ fxe4 44. Kc3 h5 45. h3 g5 46. g4 h4 47. Kb3 Kc6
48. Nxe4 c4+ 49. Kb4 Kd5 50. Nc3+ Ke5 51. Kxb5 Kd6 52. Kxc4 Ke5 53. Kc5 Ke6 54.
Ne4 Ke5 55. Nxg5 Kf6 56. f4 Kg6 57. e4 Kf6 58. e5+ Kg6 59. e6 Kf6 60. Kd6 Kg6
61. e7 Kh6 62. e8=Q Kg7 63. Qf7+ Kh6 64. Qf6# 1-0

[Event "POLFINALY MISTRZOSTW POLSKI JUNIOROW 2021 C-13"]
[Site "Jatrzebia Gora"]
[Date "1899-12-30"]
[Round "6.18"]
[White "Sambor, Piotr"]
[Black "Stanik, Szymon"]
[Result "0-1"]
[WhiteTitle "II"]
[BlackTitle "II"]
[WhiteElo "1107"]
[BlackElo "1372"]

1. e4 c5 2. Nf3 e6 3. c3 d5 4. exd5 Qxd5 5. c4 Qd8 6. g3 Nf6 7. Nc3 g6 8. d4 cxd4
9. Nxd4 Bg7 10. Bg2 O-O 11. O-O a6 12. Be3 Qc7 13. b3 Rd8 14. Qc2 Bd7 15. Rad1
Nc6 16. a3 Ng4 17. Nxc6 Bxc6 18. Bxc6 Nxe3 19. fxe3 Qxc6 20. Ne2 Qc5 21. Qc1 Bh6
22. Nf4 a5 23. Rxd8+ Rxd8 24. Kh1 Qb6 25. Qe1 Bf8 26. Qf2 Qc7 27. a4 Bb4 28. Ne2
Rd3 29. Qf6 Rxe3 30. Nf4 Bc5 31. Kg2 Be7 32. Qb2 Qe5 33. Qd2 Rxb3 34. Qd7 Rb2+
35. Kh3 Qf6 36. Qe8+ Bf8 37. Rf3 e5 38. Qb8 exf4 39. Rxf4 Qe6+ 40. Kh4 Rxh2+ 41.
Kg5 h6# 0-1

[Event "POLFINALY MISTRZOSTW POLSKI JUNIOROW 2021 C-13"]
[Site "Jatrzebia Gora"]
[Date "1899-12-30"]
[Round "6.19"]
[White "Weber, Dorian"]
[Black "Spytek, Hubert"]
[Result "0-1"]
[WhiteTitle "III"]
[BlackTitle "II"]
[WhiteElo "1002"]
[BlackElo "1220"]

1. d4 g6 2. Nf3 Bg7 3. c4 Nf6 4. Nc3 d5 5. Qb3 c6 6. Bf4 e6 7. h3 O-O 8. Bh2 Qb6
9. e3 Qxb3 10. axb3 b6 11. Be2 Bb7 12. O-O c5 13. Rfd1 Rd8 14. Ra4 Nc6 15. dxc5
bxc5 16. Raa1 Rd7 17. Rd2 Rad8 18. Rad1 d4 19. exd4 cxd4 20. Nb5 Ne4 21. Rd3 a6
22. Bc7 Rc8 23. Be5 Nxe5 24. Nxe5 Bxe5 25. Na3 Nc5 26. Rf3 Bxf3 27. Bxf3 d3 0-1

[Event "POLFINALY MISTRZOSTW POLSKI JUNIOROW 2021 C-13"]
[Site "Jatrzebia Gora"]
[Date "1899-12-30"]
[Round "6.20"]
[White "Leoniuk, Jan"]
[Black "Kolendo, Tymon"]
[Result "1/2-1/2"]
[WhiteTitle "II"]
[BlackTitle "III"]
[WhiteElo "1212"]
[BlackElo "1086"]

1. e4 e6 2. d3 d5 3. Nd2 dxe4 4. dxe4 Bc5 5. Ngf3 Nf6 6. h3 O-O 7. Bd3 Nc6 8. O-O
Re8 9. Nb3 Bb6 10. Qe2 e5 11. Bg5 a6 12. Rad1 Qe7 13. Bd2 Ba7 14. Na5 Nd4 15.
Nxd4 Bxd4 16. c3 Ba7 17. Be3 Bxe3 18. Qxe3 b6 19. Nb3 Bb7 20. Qe2 a5 21. Rde1
Red8 22. f4 exf4 23. Rxf4 Qd6 24. Rf3 Qe5 25. Rf5 Qe7 26. Nd4 Nd7 27. Bb5 Ne5
28. Kh1 Rf8 29. Qe3 Ba6 30. Bxa6 Rxa6 31. Qe2 Raa8 32. Qb5 Rfe8 33. Ref1 f6 34.
Re1 Qf7 35. b3 Qd7 36. Qe2 Qe7 37. Nb5 Red8 38. Nd4 Re8 39. Nf3 Nxf3 40. Qxf3
Rad8 41. Qe3 Qa3 1/2-1/2

[Event "POLFINALY MISTRZOSTW POLSKI JUNIOROW 2021 C-13"]
[Site "Jatrzebia Gora"]
[Date "1899-12-30"]
[Round "6.21"]
[White "Filipczyk, Michal"]
[Black "Krasniewski, Grzegorz"]
[Result "1-0"]
[WhiteTitle "II"]
[BlackTitle "III"]
[WhiteElo "1136"]
[BlackElo "1075"]

1. d4 Nf6 2. c4 g6 3. Nc3 Bg7 4. e4 d6 5. Nf3 O-O 6. Be2 Nc6 7. O-O e5 8. d5 Ne7
9. Be3 Ne8 10. Nd2 f5 11. f3 f4 12. Bf2 h6 13. b4 g5 14. c5 Nf6 15. cxd6 cxd6
16. Rc1 h5 17. Qc2 Bd7 18. Nb5 Bxb5 19. Bxb5 a6 20. Be2 Rc8 21. Qb2 Qd7 22. Nc4
Rb8 23. Nb6 Qd8 24. a4 g4 25. Rc3 Nc8 26. a5 Nxb6 27. Bxb6 Qd7 28. Rc7 Qe8 29.
Rfc1 Qg6 30. Qb1 gxf3 31. Bxf3 h4 32. h3 Kh7 33. Ba7 Ra8 34. Rxb7 Rfc8 35. Rc6
Rxc6 36. dxc6 Qe8 37. c7 Nd7 38. Bg4 Qc8 39. Rb8 Rxb8 40. cxb8=Q Nxb8 41. Bxc8
1-0

[Event "POLFINALY MISTRZOSTW POLSKI JUNIOROW 2021 C-13"]
[Site "Jatrzebia Gora"]
[Date "1899-12-30"]
[Round "7.1"]
[White "Dobosiewicz, Dawid"]
[Black "Warchol, Kamil"]
[Result "1-0"]
[WhiteTitle "I"]
[BlackTitle "CM"]
[WhiteElo "1678"]
[BlackElo "1976"]

1. c4 e5 2. g3 Nf6 3. Bg2 c6 4. d4 exd4 5. Qxd4 d5 6. cxd5 cxd5 7. Nf3 Nc6 8. Qa4
Be7 9. O-O O-O 10. Nc3 Be6 11. Be3 Qa5 12. Qxa5 Nxa5 13. Nb5 Bd7 14. Nbd4 Nc4
15. Bc1 Rac8 16. b3 Na3 17. Ne5 Nc2 18. Nxc2 Rxc2 19. Nxd7 Nxd7 20. Bxd5 Bf6 21.
Rb1 Rxe2 22. Bxb7 Rxa2 23. Bf4 Be5 24. Bxe5 Nxe5 25. Ra1 Rb2 26. Rfb1 Rxb1+ 27.
Rxb1 Rb8 28. Rc1 Nd7 29. Rc7 Nf6 30. Ba6 Ne4 31. Rxa7 g6 32. Bb7 Nd6 33. Ra8 Rxa8
34. Bxa8 Kf8 35. Kg2 Ke7 36. Kf3 Nc8 37. Bd5 f6 38. h4 Kd6 39. Bg8 h5 40. Bf7
Ne7 41. g4 hxg4+ 42. Kxg4 Ke5 43. f4+ Ke4 44. b4 Kd4 45. Bxg6 Nxg6 46. h5 Nf8
47. Kf5 Kc4 48. Kxf6 Kxb4 49. f5 Kc5 50. Kg7 Nd7 51. h6 Kd6 52. h7 Kd5 1-0

[Event "POLFINALY MISTRZOSTW POLSKI JUNIOROW 2021 C-13"]
[Site "Jatrzebia Gora"]
[Date "1899-12-30"]
[Round "7.2"]
[White "Bartnik, Michal"]
[Black "Kowalski, Witold"]
[Result "0-1"]
[WhiteTitle "II+"]
[BlackTitle "II+"]
[WhiteElo "1595"]
[BlackElo "1480"]

1. e4 c5 2. Nf3 e6 3. d4 cxd4 4. Nxd4 Nf6 5. Nc3 Nc6 6. Nxc6 bxc6 7. e5 Nd5 8.
Ne4 f5 9. exf6 Nxf6 10. Nd6+ Bxd6 11. Qxd6 Qe7 12. Bf4 Ne4 13. Qxe7+ Kxe7 14.
f3 Rf8 15. Be3 Nf6 16. c4 d6 17. O-O-O c5 18. Be2 Bb7 19. Kb1 Bc6 20. Rd2 Rfd8
21. Rhd1 Rac8 22. g4 a5 23. h4 a4 24. h5 Bb7 25. Rc1 Rd7 26. Rdc2 Rdc7 27. Bf2
h6 28. Be3 Nd7 29. Bf4 Rf8 30. Bg3 Bxf3 31. Rd1 e5 32. Bh4+ Ke6 33. Rcd2 Be4+
34. Bd3 Bxd3+ 35. Rxd3 Rc6 36. Bg3 Nf6 37. Rf3 Rb8 38. Bh4 Rcb6 39. Rd2 R8b7 40.
Bxf6 gxf6 41. Rdf2 Rf7 42. Kc2 Rb8 43. Kd3 Rg8 44. Rg2 Rfg7 45. Rgf2 Rf7 46. Rg2
Rg5 47. Rfg3 Rfg7 48. Ke3 Rg8 49. Rg1 f5 50. gxf5+ Kxf5 51. Rf3+ Ke6 52. Rgf1
Rg3 53. R1f2 Rxf3+ 54. Rxf3 Rg5 55. Rh3 Rg2 56. b3 Rxa2 57. Ke4 axb3 58. Rxb3
Rh2 59. Rg3 Rf2 60. Rg6+ Rf6 61. Rg4 Rf4+ 62. Rxf4 exf4 63. Kxf4 d5 64. cxd5+
Kxd5 65. Kf5 c4 66. Kg6 c3 67. Kxh6 c2 0-1